Andrés Bello. Escritos sobre fuentes del derecho: Constitución, Ley, Costumbre y Jurisprudencia.
Saved in:
| Hovedforfatter: | |
|---|---|
| Format: | Ukendt |
| Udgivet: |
Santiago, Chile:
Jurídica de Chile,
2022.
|
| Udgivelse: | Primera edición |
| Fag: | |
| Tags: |
Tilføj Tag
Ingen Tags, Vær først til at tagge denne postø!
|
MARC
| LEADER | 00000 a2200000 4500 | ||
|---|---|---|---|
| 003 | CL-VaPUC | ||
| 005 | 20221124173521.0 | ||
| 008 | 221117t2022 ||||| |||| 00| 0 eng d | ||
| 999 | |c 439394 |d 439392 | ||
| 020 | |a 978-956-10-2671-1 | ||
| 040 | |c Pontificia Universidad Católica de Valparaíso | ||
| 082 | |2 22 |a 340.11 VER 2022 | ||
| 100 | |a Vergara Blanco, Alejandro |9 296656 |e compilador, editor y estudio | ||
| 245 | |a Andrés Bello. Escritos sobre fuentes del derecho: Constitución, Ley, Costumbre y Jurisprudencia. | ||
| 250 | |a Primera edición | ||
| 260 | |a Santiago, Chile: |b Jurídica de Chile, |c 2022. | ||
| 300 | |a 453 páginas. | ||
| 583 | |k Catalogador Asistente |c 20221117 | ||
| 600 | 0 | |9 545824 |a Bello, Andrés, |d 1781-1865 |v Compilación |x Fuentes del derecho | |
| 650 | 0 | |9 255162 |a Fuentes del derecho |v Compilación de escritos | |
| 942 | |2 ddc |c BK | ||
| 952 | |0 0 |1 0 |2 ddc |4 0 |6 340_110000000000000_VER_2022 |7 0 |8 A |9 587732 |a BIBDER |b BIBDER |c GEN |d 2022-11-17 |e 22 |g 30000.00 |i 5655603 |l 3 |m 1 |o 340.11 VER 2022 |p 5655603 |r 2023-06-08 |s 2023-04-03 |t 1 |v 30000.00 |w 2022-11-17 |y BK |k DER | ||